Responses for Show #1669 - Thursday, November 28, 1991

Kirk Ditzler game 4.

Contestants

[<< previous game]

Robin O'Donnell, a computer network manager from Berkeley, California

Joan Srednicki, a special education teacher from Bayonne, New Jersey

Kirk Ditzler, a teacher from Houston, Texas (whose 3-day cash winnings total $28,200)

[next game >>]

Jeopardy! Round responses

U.S. GEOGRAPHY
ANNUAL EVENTS
KID STUFF
GENERAL SCIENCE
DESIGN
HOW DO YOU...
    $100 1
Rhode Island

Robin
    $100 19
St. Patrick's Day

Kirk
    $100 8
a computer

Robin
    $100 15
x-rays

Robin
    $100 6
a cross

Robin
    $100 13
How do you burp the baby?

Robin
    $200 2
Nevada

Robin
    $200 20
Flag Day

Joan
    $200 9
(Alex: Raphael, Donatello & Leonardo are the others, of course.)

Michelangelo (Raphael, Donatello, Leonardo)

Robin
    $200 25
(Alex: [*] is right, and we've got a minute to go.)

rubber

Joan
    $200 7
milk

Robin
    $200 14
(Kirk: What is [*]?)

How do you become knighted?

Kirk
    $300 3
(Robin: What is Kentucky?)
(Kirk: What is Tennessee?)
...
(Alex: The mountain gap is [*].)

Cumberland Gap

KirkRobin
Triple Stumper
    $300 21
the beginning of Daylight Saving Time

Triple Stumper
    $300 10
rap music

Robin
    $300 29
(Robin: What is the epidermis?)
...
[The end-of-round signal sounds.]

the dermis

JoanRobin
    $300 22
a cherub (or a cupid)

Robin
    $300 16
How do you make a compass?

Robin
    $500 4
Key West

Robin
    $400 23
(Our Lady of) Guadalupe

Robin
    $400 11
the little dog

Robin
    $400 28
a succulent

Kirk
    $400 26
(Robin: Who is Louis 14th?)

Louis XVI

KirkRobin
    $400 17
How do you open an umbrella?

Robin
    $500 5
Ohio

Joan
    $500 24
(Robin: What is Yom Kippur?)

Purim

Robin
Triple Stumper
    $500 12
a harp

Robin
    $500 27
(Joan: What is the ulna?)
(Robin: What is the forearm?)
...
(Alex: Correct response, What is the [*]? Joan was in the right area. Robin, we wanted you to be very specific, particularly after an incorrect response by one of your opponents.)

radius

JoanRobin
Triple Stumper
    $500 18
(Robin: How do you make applejack?)

How do you harvest cranberries?

Robin
Triple Stumper

Scores at the first commercial break (after clue 15):

Kirk Joan Robin
-$100 $500 $2,500

Scores at the end of the Jeopardy! Round:

Kirk Joan Robin
$800 $700 $1,700

Double Jeopardy! Round responses

MUSICAL THEATRE
BIBLICAL QUOTES
WORLD HISTORY
FOOD
LITERATURE
NICKNAMES
    $200 1
Rainbow

Robin
    $200 23
Moses

Kirk
    $200 16
Italy

Kirk
    $200 2
a melon

Robin
    $200 11
Gone with the Wind

Kirk
    $200 18
Ben Franklin

Joan
    $400 7
a sucker

Kirk
    $400 27
Daniel

Kirk
    $400 17
Spain

Robin
    $400 3
limes

Robin
    $400 12
George Washington

Kirk
    $400 19
Rasputin

Robin
    $1,000 8
Annie

Kirk
    $600 28
bread

Robin
    $600 24
the Charge of the Light Brigade

Kirk
    $600 4
(Robin: What is tapioca?)

the marshmallow

Robin
Triple Stumper
    $600 13
Gertrude Stein

Kirk
    $600 20
Pershing

Robin
    $800 9
No Strings

Kirk
    $800 29
(Robin: What is heaven?)
...
(Alex: It was just the opposite thought, Robin. Wide is the way that leads to [*].)

destruction

Robin
Triple Stumper
    $800 25
the Magna Carta

Kirk
    $800 5
Baba au rhum

Robin
    $800 14
The Beggar's Opera

Kirk
    $800 21
(Kirk: Who is Andrew Jackson?)

Admiral Farragut

Kirk
Triple Stumper
    $1000 10
(Kirk: What is Auntie Mame?)
(Joan: What is Mame?)

Wildcat

KirkJoan
Triple Stumper
    $1,500 30
(Robin: What is salvation?)
...
(Alex: That's a good thought. That's a good thought but it's the incorrect quote. The right response, it's the beginning of [*]. "The fear of the Lord is the beginning of [*]".)

wisdom

Robin
    $1000 26
Toussaint Louverture

Triple Stumper
    $1000 6
a pierogi

Joan
    $1000 15
Oedipus Rex

Kirk
    $1000 22
(Kirk: Who is Duffy?)

William McGuffey

Kirk
Triple Stumper

Scores at the end of the Double Jeopardy! Round:

Kirk Joan Robin
$5,400 $900 $2,400
(lock game)

[wagering suggestions for these scores]

Final Jeopardy! Round responses

ORGANIZATIONS
JoanWhat is the United Way
$900
RobinWhat is United Way?
$2,400
KirkWhat is United Way?
$400
United Way

Final scores:

Kirk Joan Robin
$5,800 $1,800 $4,800
4-day champion: $34,000 3rd place: Yashica Zoomtec camera + Jeopardy home game or computerized version of Jeopardy 2nd place: trip for 2 to Las Vegas + Jeopardy home game or computerized version of Jeopardy

Game dynamics:

Coryat scores:

Kirk Joan Robin
$5,000 $900 $3,800
17 R
(including 1 DD),
4 W
6 R,
2 W
24 R
(including 1 DD),
9 W
(including 1 DD)

Combined Coryat: $9,700

[game clues] [game scores] [suggest correction]

Game tape date: 1991-09-12
The J! Archive is created by fans, for fans. Scraping, republication, monetization, and malicious use prohibited; this site may use cookies and collect identifying information. See terms. The Jeopardy! game show and all elements thereof, including but not limited to copyright and trademark thereto, are the property of Jeopardy Productions, Inc. and are protected under law. This website is not affiliated with, sponsored by, or operated by Jeopardy Productions, Inc. Join the discussion at JBoard.tv.